|
|
|
|
| LEADER |
00761nab a2200181 i 4500 |
| 001 |
acta74528 |
| 005 |
20220228150417.0 |
| 008 |
220228s2021 hu o 0|| eng d |
| 022 |
|
|
|a 2063-2525
|
| 040 |
|
|
|a SZTE Egyetemi Kiadványok Repozitórium
|b hun
|
| 041 |
|
|
|a eng
|
| 100 |
1 |
|
|a Varga Norbert
|
| 245 |
1 |
0 |
|a Ödön Kuncz
|h [elektronikus dokumentum] :
|b 1884-1965 /
|c Varga Norbert
|
| 260 |
|
|
|c 2021
|
| 300 |
|
|
|a 131-144
|
| 490 |
0 |
|
|a Acta Universitatis Szegediensis : forum : acta juridica et politica
|v 11 No. 2
|
| 695 |
|
|
|a Kuncz Ödön, Jogtudomány - magyar - 19-20. sz. - életrajz - életmű, Közgazdaságtudomány - magyar - 19-20. sz. - életrajz - életmű
|
| 856 |
4 |
0 |
|u http://acta.bibl.u-szeged.hu/74528/1/juridpol_forum_011_002_131-144.pdf
|z Dokumentum-elérés
|